000 00694nam a2200253Ia 4500
003 OSt
005 20220925193113.0
006 a|||||r|||| 00| 0
007 ta
008 220923b |||||||| |||| 00| 0 eng d
020 _a157607806X
037 _cGeneral Book
040 _aRTL
_cRTL
_beng
041 _2eng
_aeng
082 _aY:3(Q:1).41.P, P5
100 _aYang Lihui
_9247289
245 0 _aHandbook of Chinese mythology
260 _aCalifornia
_bA B C CLIO
_c2005
300 _axiii,293p
_ccm.
490 _aHandbook of World Mythology
500 _aGlossary: P 261-66
942 _hY:3(Q:1).41.P, P5
_cGB
_2CC
999 _c524547
_d524547